000 00577nam a22002297a 4500
003 UA-OsUOA
001 92361
007 ta
008 20121213b un ||||| |||| 00| 0 ukr d
100 _aАмосов Н.
090 _a821.161.1
_bА62
942 _cBK
040 _aUA-OsUOA
_brus
_cUA-OsUOA
_dUA-OsUOA
245 _aМысли и сердце
_bповесть
300 _a318 с.
955 _a3
041 _arus
080 _a821.161.1
260 _aМ.
_c1976
650 7 _a82 Література. Літературознавство
_2UDC
999 _c378607
_d378607